000
00332 a2200157 4500
001
171339
020
_a
978-85-220-0934-3
040
_c
Magnum
100
_a
Mazzetti, Maria
240
1
0
_a
Maricota sem dona
_l
por
245
1
0
_a
Maricota sem dona
300
_a
14
362
0
_a
2008
697
_a
LITERATURA INFANTO
942
_c
BK
999
_c
171339
_d
171339